<?xml version="1.0" encoding="UTF-8"?>
<record
    xmlns:xsi="http://www.w3.org/2001/XMLSchema-instance"
    xsi:schemaLocation="http://www.loc.gov/MARC21/slim http://www.loc.gov/standards/marcxml/schema/MARC21slim.xsd"
    xmlns="http://www.loc.gov/MARC21/slim">

  <leader>00586nam a22001937a 4500</leader>
  <controlfield tag="003">OSt</controlfield>
  <controlfield tag="005">20260502030831.0</controlfield>
  <controlfield tag="008">260502b        |||||||| |||| 00| 0 eng d</controlfield>
  <datafield tag="020" ind1=" " ind2=" ">
    <subfield code="a">0-471-41171-x</subfield>
  </datafield>
  <datafield tag="040" ind1=" " ind2=" ">
    <subfield code="a">DWCL-Main lib.</subfield>
    <subfield code="c">OC</subfield>
  </datafield>
  <datafield tag="082" ind1=" " ind2=" ">
    <subfield code="2">28th ed.</subfield>
    <subfield code="a">Circ. 657 D373w 2001</subfield>
  </datafield>
  <datafield tag="100" ind1=" " ind2=" ">
    <subfield code="a">Delaney, Patrick </subfield>
  </datafield>
  <datafield tag="245" ind1=" " ind2=" ">
    <subfield code="a">Wiley CPA examination review 28th edition 2001-2002/</subfield>
    <subfield code="c">Patrick R. Delaney</subfield>
  </datafield>
  <datafield tag="250" ind1=" " ind2=" ">
    <subfield code="a">28th ed.</subfield>
  </datafield>
  <datafield tag="260" ind1=" " ind2=" ">
    <subfield code="b">John Wiley &amp; Sons Inc.,</subfield>
    <subfield code="c"> c2001.</subfield>
  </datafield>
  <datafield tag="300" ind1=" " ind2=" ">
    <subfield code="a">1284 pages ;</subfield>
    <subfield code="c"> 28 cm.</subfield>
  </datafield>
  <datafield tag="504" ind1=" " ind2=" ">
    <subfield code="a">Include index.</subfield>
  </datafield>
  <datafield tag="942" ind1=" " ind2=" ">
    <subfield code="2">ddc</subfield>
    <subfield code="c">BK-CIRC</subfield>
    <subfield code="e">28th ed.</subfield>
    <subfield code="h">Circ.</subfield>
    <subfield code="n">0</subfield>
  </datafield>
  <datafield tag="952" ind1=" " ind2=" ">
    <subfield code="0">0</subfield>
    <subfield code="1">0</subfield>
    <subfield code="2">ddc</subfield>
    <subfield code="4">0</subfield>
    <subfield code="7">0</subfield>
    <subfield code="a">DWCLCOL</subfield>
    <subfield code="b">DWCLCOL</subfield>
    <subfield code="c">Circulation</subfield>
    <subfield code="d">2026-05-02</subfield>
    <subfield code="g">0.00</subfield>
    <subfield code="l">0</subfield>
    <subfield code="o">Circ. 657 D373w 2001</subfield>
    <subfield code="p">CL35370</subfield>
    <subfield code="r">2026-05-02</subfield>
    <subfield code="t">c1</subfield>
    <subfield code="w">2026-05-02</subfield>
    <subfield code="y">BK-CIRC</subfield>
    <subfield code="0"></subfield>
    <subfield code="@"></subfield>
    <subfield code="u"></subfield>
  </datafield>
  <datafield tag="999" ind1=" " ind2=" ">
    <subfield code="c">10174</subfield>
    <subfield code="d">10174</subfield>
  </datafield>
</record>
